000 00271nam a22001217a 4500
082 _a030
_bOBRI/C
100 _aTERRY O'BRIEN
245 _aA CHILD'S FIRST DICTIONARY
260 _aNEW DELHI
_bRUPA PUBLICATION
300 _a152
650 _aDICTIONARY
_zINDIA
942 _cBK
999 _c3684
_d3684